Sofia Metro Stations - with a map - Statistics

General Stats
  • This quiz has been taken 93 times
  • The average score is 25 of 45
Answer Stats
Answer % Correct
Serdica
93%
National Palace of Culture
83%
Lyulin
80%
Sofia Airport
76%
Mladost 1
73%
Mladost 3
73%
Obelya
68%
Konstantin Velichkov
66%
Vardar
66%
Vasil Levski Stadium
66%
Orlov Most
63%
Sofia University "St. Kliment Ohridski"
63%
Vitosha
63%
Lavov Most
61%
Nadezhda
61%
Opalchenska
61%
Zapaden Park
61%
European Union
59%
GM Dimitrov
59%
Musagenitsa
59%
Business park
56%
Ovcha Kupel
56%
Slivnitsa
56%
Beli Dunav
54%
Bulgaria
54%
Hadzhi Dimitar
54%
Central Railway Station
51%
Han Kubrat
51%
Medical University
51%
Teatralna
51%
Druzhba
49%
Gorna Banya
49%
James Bouchier
49%
Krasno Selo
49%
Iskarsko Shose
46%
Joliot Curie
46%
IEC Tsarigradsko Shose
44%
Knyaginya Maria Luiza
44%
Lomsko Shose
44%
Alexandar Malinov
41%
Ovcha Kupel 2
41%
Sofiyska Sveta Gora
32%
St. Patriarch Evtimii
27%
Akad. Alexandar-Balan
20%
Miziq
20%
No matching quizzes found
Score Distribution
Percent of People with Each Score
Percentile by Number Answered
Your Score History
You have not taken this quiz